|
|
|
|
| LEADER |
00000cam a2200000 7i4500 |
| 001 |
0000000623 |
| 005 |
20000923.0 |
| 020 |
0 |
0 |
|a 0852296630
|
| 090 |
0 |
0 |
|a R031
|b NEW 1998
|
| 245 |
0 |
4 |
|a The NEW Encyclopaedia Britannica
|
| 250 |
0 |
0 |
|a 15th ed.
|
| 260 |
0 |
0 |
|a Chicago :
|b Encyclopaedia Britannica ,
|c 1998
|
| 300 |
|
|
|a 32 v. :
|b ill. (some col.), maps (some col.) ;
|c 29 cm.
|
| 500 |
0 |
0 |
|a v. 1-12. Micropaedia : Ready reference; v. 13-29. Macropaedia : Knowledge in depth; v. [30]. Propaedia : Outline of knowledge; v. [31]. Index, A-K; v. [32] Index, L - Z
|a Includes bibliographical references
|
| 650 |
0 |
0 |
|a Encyclopedias and dictionaries
|
| 999 |
|
|
|a 0000001719
|b Monograph
|c Reference
|e Default branch
|
| 999 |
|
|
|a 0000001720
|b Monograph
|c Reference
|e Default branch
|
| 999 |
|
|
|a 0000001721
|b Monograph
|c Reference
|e Default branch
|
| 999 |
|
|
|a 0000001722
|b Monograph
|c Reference
|e Default branch
|
| 999 |
|
|
|a 0000001723
|b Monograph
|c Reference
|e Default branch
|
| 999 |
|
|
|a 0000001724
|b Monograph
|c Reference
|e Default branch
|
| 999 |
|
|
|a 0000001725
|b Monograph
|c Reference
|e Default branch
|
| 999 |
|
|
|a 0000001726
|b Monograph
|c Reference
|e Default branch
|
| 999 |
|
|
|a 0000001727
|b Monograph
|c Reference
|e Default branch
|
| 999 |
|
|
|a 0000001728
|b Monograph
|c Reference
|e Default branch
|
| 999 |
|
|
|a 0000001729
|b Monograph
|c Reference
|e Default branch
|
| 999 |
|
|
|a 0000001730
|b Monograph
|c Reference
|e Default branch
|
| 999 |
|
|
|a 0000001731
|b Monograph
|c Reference
|e Default branch
|
| 999 |
|
|
|a 0000001732
|b Monograph
|c Reference
|e Default branch
|
| 999 |
|
|
|a 0000001733
|b Monograph
|c Reference
|e Default branch
|
| 999 |
|
|
|a 0000001734
|b Monograph
|c Reference
|e Default branch
|
| 999 |
|
|
|a 0000001735
|b Monograph
|c Reference
|e Default branch
|
| 999 |
|
|
|a 0000001736
|b Monograph
|c Reference
|e Default branch
|
| 999 |
|
|
|a 0000001737
|b Monograph
|c Reference
|e Default branch
|
| 999 |
|
|
|a 0000001738
|b Monograph
|c Reference
|e Default branch
|
| 999 |
|
|
|a 0000001739
|b Monograph
|c Reference
|e Default branch
|
| 999 |
|
|
|a 0000001740
|b Monograph
|c Reference
|e Default branch
|
| 999 |
|
|
|a 0000001741
|b Monograph
|c Reference
|e Default branch
|
| 999 |
|
|
|a 0000001742
|b Monograph
|c Reference
|e Default branch
|
| 999 |
|
|
|a 0000001743
|b Monograph
|c Reference
|e Default branch
|
| 999 |
|
|
|a 0000001744
|b Monograph
|c Reference
|e Default branch
|
| 999 |
|
|
|a 0000001745
|b Monograph
|c Reference
|e Default branch
|
| 999 |
|
|
|a 0000001746
|b Monograph
|c Reference
|e Default branch
|
| 999 |
|
|
|a 0000001747
|b Monograph
|c Reference
|e Default branch
|
| 999 |
|
|
|a 0000001748
|b Monograph
|c Reference
|e Default branch
|
| 999 |
|
|
|a 0000001749
|b Monograph
|c Reference
|e Default branch
|
| 999 |
|
|
|a 0000001750
|b Monograph
|c Reference
|e Default branch
|
| 999 |
|
|
|a 0000001751
|b Monograph
|c Reference
|e Default branch
|